Le livre des morts des anciens egyptiens (Record no. 88877)

MARC details
000 -LEADER
campo de control de longitud fija 00784nam a2200241 i 4500
001 - NÚMERO DE CONTROL
campo de control 88877
003 - IDENTIFICADOR DE NÚMERO DE CONTROL
campo de control ES-MaACL
005 - FECHA Y HORA DE LA ÚLTIMA TRANSACCIÓN
campo de control 20250728111044.0
007 - CAMPO FIJO DE DESCRIPCIÓN FÍSICA--INFORMACIÓN GENERAL
campo de control de longitud fija t|
008 - DATOS DE LONGITUD FIJA--INFORMACIÓN GENERAL
campo de control de longitud fija 041227s1989 fr ||||1| fre d
020 ## - NÚMERO INTERNACIONAL ESTÁNDAR DEL LIBRO
Número Internacional Estándar del Libro 2-8307-0026-0
080 ## - NÚMERO DE LA CLASIFICACIÓN DECIMAL UNIVERSAL
Número de la Clasificación Decimal Universal 299.31
080 ## - NÚMERO DE LA CLASIFICACIÓN DECIMAL UNIVERSAL
Número de la Clasificación Decimal Universal 299.31:291.8
245 03 - MENCIÓN DEL TÍTULO
Título Le livre des morts des anciens egyptiens
Resto del título : papyrus de'Ani, Hunefer, Anhaï /
Mención de responsabilidad, etc. commentaires de Evelyn Rossiter ; traduits par Bernard Soulié.
260 ## - PUBLICACIÓN, DISTRIBUCIÓN, ETC.
Lugar de publicación, distribución, etc. Genéve, Paris :
Nombre del editor, distribuidor, etc. Minerva,
Fecha de publicación, distribución, etc. [1989]
300 ## - DESCRIPCIÓN FÍSICA
Extensión 119 p. :
Otras características físicas il. ;
Dimensiones 32 cm.
630 34 - PUNTO DE ACCESO ADICIONAL DE MATERIA--TÍTULO UNIFORME
Título uniforme El libro de los muertos.
9 (RLIN) 184246
650 #7 - PUNTO DE ACCESO ADICIONAL DE MATERIA--TÉRMINO DE MATERIA
Término de materia o nombre geográfico como elemento de entrada Religión egipcia
Fuente del encabezamiento o término embne
9 (RLIN) 16803
700 1# - ENTRADA AGREGADA--NOMBRE PERSONAL
Nombre de persona Rossiter, Evelyn.
9 (RLIN) 99901
700 1# - ENTRADA AGREGADA--NOMBRE PERSONAL
Nombre de persona Soulié, Bernard.
9 (RLIN) 107563
852 ## - LOCALIZACIÓN
Ubicación ES-MaACL
Número de control de estantería E-10718
Holdings
Estatus retirado Estado de pérdida Estado de daño No para préstamo Biblioteca de origen Biblioteca actual Ubicación en estantería Fecha de adquisición Fuente de adquisición Total de préstamos Signatura topográfica completa Código de barras Visto por última vez Precio de reemplazo Tipo de ítem Koha
        Biblioteca del Ateneo de Madrid Biblioteca del Ateneo de Madrid Depósito 2 17/01/2008     E-10718 1092828 23/02/2023 23/02/2023 Libro impreso